Normal view
MARC view
- Fernández Sirvent, Rafael
Entry Nombre Personal
001 - NUMERO DE CONTROL
- campo de control: 59285
003 - IDENTIFICADOR DE NUMERO DE CONTROL
- campo de control: MX-MxUPN
005 - FECHA Y HORA DE LA ÜLTIMA TRANSACCIÓN
- campo de control: 20260416145832.0
008 - DATOS DE LONGITUD FIJA
- campo de control de longitud fija: 260416nn acnnnaabn a aaa d
040 ## - FUENTE DE CATALOGACIÓN
- Agencia original de catalogación: MX-MxUPN
- Lenguaje de catalogación: spa
053 #4 - NÚMERO DE CLASIFICACIÓN LC
- Número de clasificación elemento-número único o número inicial de tramo: GV333 A46
100 1# - ENCABEZAMIENTO - NOMBRE PERSONAL
- Nombre personal: Fernández Sirvent, Rafael
400 1# - VEÁSE - NOMBRE DE PERSONA
- Personal name: Sirvent, Rafael Fernández
670 ## - FUENTE EN LA QUE SE LOCALIZARON DATOS
- Cita de la fuente: Francisco Amorós y los inicios de la educación física moderna, [2003] :
- Información localizada: portada (Rafael Fernández Sirvent)
- Uniform Resource Identifier: http://hdl.handle.net/10045/70968
902 ## - CATALOGADOR
- Catalogador: VíctorGodínez/160426
